| 000 | 00812nam a2200265 i 4500 | ||
|---|---|---|---|
| 003 | EG-ScBUE | ||
| 005 | 20240902085540.0 | ||
| 008 | 090531r20062003ii a f 001 0 eng d | ||
| 020 | _a8125913629 | ||
| 020 | _a9788125913627 | ||
| 040 |
_aEG-ScBUE _beng _erda _cEG-ScBUE _dEG-ScBUE |
||
| 082 | 0 | 4 |
_222 _a510 _bDIS |
| 245 | 0 | 0 |
_aDiscrete Mathematics / _cN. Ch. S. N. Iyengar [and three others] |
| 250 | _aReprint edition. | ||
| 264 | 1 |
_aNew Delhi : _bVikas Publishing House, _c2006. |
|
| 300 |
_a376 pages : _billustrations ; _c22 cm |
||
| 336 |
_2rdacontent _atext _btxt |
||
| 337 |
_aunmediated _2rdamedia _bn |
||
| 338 |
_avolume _bnc _2rdacarrier |
||
| 500 | _aIncludes index. | ||
| 650 | 7 |
_aMathematics. _2BUEsh |
|
| 655 | _vReading book | ||
| 700 | 1 |
_aIyengar, N. Ch. S. N., _eauthor. |
|
| 942 |
_2ddc _cBB |
||
| 999 |
_c11698 _d11698 |
||